Studying the arts in late medieval Bohemia : production, reception and transmission of knowledge /

Další autoři: Pavlíček, Ota, 1983-
Jazyk: Angličtina
Vydáno: Turnhout : Brepols, [2021]
Edice: Studia Artistarum
Témata:
Fyzický popis: 358 stran : ilustrace (převážně barevné), faksimile ; 24 cm
Knihy
Uloženo v:
LEADER 01929nam a2200517 i 4500
001 001802113
003 CZ BrMZK
005 20220303125212.0
007 ta
008 211005t20212021be h f 001 0 eng
020 |a 978-2-503-59317-3  |q (vázáno) 
040 |a BOA001  |b cze  |e rda 
043 |a e-xr---  |b e-xr-pg  |2 czenas 
045 |a r-s- 
072 7 |a 378  |x Vysoké školy  |2 Konspekt  |9 22 
080 |a 378.093.5:1  |2 MRF 
080 |a 378.14  |2 MRF 
080 |a 165.191  |2 MRF 
080 |a 001.81/.87  |2 MRF 
080 |a 091(=124)  |2 MRF 
080 |a (437.311)  |2 MRF 
080 |a (048.8:082)  |2 MRF 
245 0 0 |a Studying the arts in late medieval Bohemia :  |b production, reception and transmission of knowledge /  |c edited by Ota Pavlíček 
264 1 |a Turnhout :  |b Brepols,  |c [2021] 
264 4 |c ©2021 
300 |a 358 stran :  |b ilustrace (převážně barevné), faksimile ;  |c 24 cm 
336 |a text  |b txt  |2 rdacontent 
337 |a bez média  |b n  |2 rdamedia 
338 |a svazek  |b nc  |2 rdacarrier 
490 1 |a Studia Artistarum ;  |v 48 
504 |a Obsahuje bibliografické odkazy a rejstříky 
610 2 7 |a Univerzita Karlova.  |b Filozofická fakulta  |7 kn20010710340  |2 czenas 
648 7 |a 14.-15. století  |7 ch460617  |2 czenas 
650 0 7 |a filozofické fakulty  |7 ph349181  |z Česko  |y 14.-15. století  |2 czenas 
650 0 7 |a vysokoškolské studium  |7 ph127279  |z Česko  |y 14.-15. století  |2 czenas 
650 0 7 |a vědecké poznání  |7 ph127373  |2 czenas 
650 0 7 |a vědecká práce  |7 ph127363  |2 czenas 
650 0 7 |a latinské rukopisy  |7 ph115101  |2 czenas 
651 7 |a Praha (Česko)  |7 ge118011  |2 czenas 
655 7 |a kolektivní monografie  |7 fd501537  |2 czenas 
700 1 |a Pavlíček, Ota,  |d 1983-  |7 xx0197147  |4 edt 
830 0 |a Studia Artistarum 
910 |a BOA001  |b 2-1475.201 
990 |a BK 
991 |b 202202  |c NOV 
996 6 |b 2610881613  |c 2-1475.201  |l MZK  |r HSS 4p  |n 0  |p kupz  |h 378 PAV  |w 001865622  |u 000010  |a 0  |e BOA001  |j MZK50  |s P